000 00584nam a2200193Ia 4500
005 20250508164907.0
008 008 250505s9999 xx 000 0 eng d
037 _aDissertations
040 _aFEDL
_beng
_cFEDL
041 _aeng
_2eng
084 _a155, MIT/DI
_qFEDL
100 _aMitra Aditi
_9467499
245 0 _aExploratory study of awareness and attitude regarding reproductive health amongst adolescents
260 _c2001
300 _a60p.
546 _aM.Ed. Dissertation (Delhi University)
942 _cDIS
_h155, MIT/DI
999 _c1391855
_d1391855